| 000 | 01583nam a2200325 4500 | ||
|---|---|---|---|
| 001 | 0000022035 | ||
| 003 | CO-CtgCURN | ||
| 005 | 20250429224117.0 | ||
| 007 | ta | ||
| 008 | 160627s2000 000 0 eng d | ||
| 020 | _a9588087 | ||
| 040 |
_aCO-CtgCURN _bspa _ccoctgcurn |
||
| 082 | 0 |
_a349.8602 _bQ84 |
|
| 100 | 1 | _aQuiroz Monsalvo, Aroldo. | |
| 245 | 1 | 0 |
_aManual de civil, tomo I : _bgeneral y sujeto de derecho / _cAroldo Quiroz Monsalvo. |
| 250 | _a2a ed. | ||
| 260 |
_aBogotá : _bEdiciones Juridicas Gustavo Ibañez, _c2000. |
||
| 300 | _a398 p. | ||
| 336 | _2rdacontent | ||
| 337 |
_2rdamedia _asin mediacion _bn |
||
| 338 |
_2rdacarrier _avolumen _bnc |
||
| 490 | 1 | _aVocatio in jus | |
| 505 | 8 | _aUbicacion del Código civil en el derecho.--Ramas del derecho.--Ubicacion del Código civil en las ramas del derecho.--Ubicacion del Código civil en la fuentes del derecho.--Ubicacion del Código civil en la historia del derecho colombiano.--Personas encargadas de interpretar el Código civil.--Metodos utilizados en la interpretacion del Código civil.--Integracion del derecho.--ambito de aplicacion del Código civil.--Estructuras del Código civil colombiano.--Las personas naturales.--Las personas juridicas.--Fin de la existencias del sujeto del derecho | |
| 650 | 1 | 4 | _aDerecho civil. |
| 908 | _a160627 | ||
| 942 |
_cBK _h349.8602 _iQ84 _2ddc |
||
| 999 |
_c39283 _d39283 |
||